Western Conference Finals MVP - Statistics

General Stats
  • This quiz has been taken 53 times
  • The average score is 63 of 79
Answer Stats
Year Team Answer % Correct
2020 Lakers Anthony Davis
100%
2011 Mavericks Dirk Nowitzki
100%
2006 Mavericks Dirk Nowitzki
100%
1995 Rockets Hakeem Olajuwon
100%
1994 Rockets Hakeem Olajuwon
100%
1986 Rockets Hakeem Olajuwon
100%
2010 Lakers Kobe Bryant
100%
2009 Lakers Kobe Bryant
100%
2008 Lakers Kobe Bryant
100%
2001 Lakers Kobe Bryant
100%
2024 Mavericks Luka Doncic
100%
1991 Lakers Magic Johnson
100%
1989 Lakers Magic Johnson
100%
1988 Lakers Magic Johnson
100%
1984 Lakers Magic Johnson
100%
2023 Nuggets Nikola Jokic
100%
2025 Thunder Shai Gilgeous-Alexander
100%
2004 Lakers Shaquille O'Neal
100%
2002 Lakers Shaquille O'Neal
100%
2000 Lakers Shaquille O'Neal
100%
2022 Warriors Stephen Curry
100%
2019 Warriors Stephen Curry
100%
2017 Warriors Stephen Curry
100%
2016 Warriors Stephen Curry
100%
2015 Warriors Stephen Curry
100%
2014 Spurs Tim Duncan
100%
2007 Spurs Tim Duncan
100%
2005 Spurs Tim Duncan
100%
2003 Spurs Tim Duncan
100%
1999 Spurs David Robinson
97%
1983 Lakers Kareem Abdul-Jabbar
97%
1980 Lakers Kareem Abdul-Jabbar
97%
1974 Bucks Kareem Abdul-Jabbar
97%
1971 Bucks Kareem Abdul-Jabbar
97%
1998 Jazz Karl Malone
97%
2018 Warriors Kevin Durant
97%
2012 Thunder Kevin Durant
97%
1981 Rockets Moses Malone
97%
2021 Suns Chris Paul
93%
1997 Jazz John Stockton
93%
2013 Spurs Tony Parker
93%
1969 Lakers Wilt Chamberlain
93%
1964 Warriors Wilt Chamberlain
93%
1973 Lakers Jerry West
90%
1972 Lakers Jerry West
90%
1970 Lakers Jerry West
90%
1966 Lakers Jerry West
90%
1965 Lakers Jerry West
90%
1993 Suns Charles Barkley
87%
1996 Sonics Gary Payton
87%
1987 Lakers James Worthy
87%
1985 Lakers James Worthy
87%
1977 Trailblazers Bill Walton
83%
1990 Trailblazers Clyde Drexler
83%
1968 Lakers Elgin Baylor
73%
1963 Lakers Elgin Baylor
73%
1962 Lakers Elgin Baylor
73%
1959 Lakers Elgin Baylor
73%
1961 Hawks Bob Pettit
70%
1960 Hawks Bob Pettit
70%
1957 Hawks Bob Pettit
70%
1975 Warriors Rick Barry
63%
1967 Warriors Rick Barry
63%
1954 Lakers George Mikan
60%
1953 Lakers George Mikan
60%
1952 Lakers George Mikan
60%
1950 Lakers George Mikan
60%
1949 Lakers George Mikan
60%
1979 Sonics Gus Williams
43%
1992 Trailblazers Terry Porter
43%
1958 Hawks Cliff Hagan
20%
1976 Suns Alvan Adams
17%
1956 Pistons George Yardley
17%
1955 Pistons George Yardley
17%
1982 Lakers Norm Nixon
17%
1947 Stags Max Zaslofsky
10%
1978 Sonics Marvin Webster
7%
1951 Royals Arnie Risen
0%
1948 Bullets Paul Hoffman
0%
No matching quizzes found
Score Distribution
Percent of People with Each Score
Percentile by Number Answered
Your Score History
You have not taken this quiz